Khilafat (Record no. 7560)
[ view plain ]
| 000 -LEADER | |
|---|---|
| fixed length control field | 00604nam a2200253 a 4500 |
| 020 ## - INTERNATIONAL STANDARD BOOK NUMBER | |
| ISBN | |
| 082 00 - DEWEY DECIMAL CLASSIFICATION NUMBER | |
| Classification number | 297.2409 |
| Author Cutter | BAK |
| 100 ## - MAIN ENTRY--AUTHOR NAME | |
| Author name | Bakhsh, J Ali |
| 245 ## - TITLE STATEMENT | |
| Title | Khilafat |
| 260 ## - PUBLICATION, DISTRIBUTION, ETC. (IMPRINT) | |
| Place of publication | Lahore |
| Name of publisher | Punjab Religious Booksociety |
| Year of publication | 1924 |
| 300 ## - PHYSICAL DESCRIPTION | |
| Number of Pages | 22p |
| 500 ## - GENERAL NOTE | |
| General note | includes index and biblioraphy |
| 505 2# - FORMATTED CONTENTS NOTE | |
| Formatted contents note | Index |
| 650 ## - SUBJECT ADDED ENTRY--TOPICAL TERM | |
| Topical Term | Caliphate |
| 650 ## - SUBJECT ADDED ENTRY--TOPICAL TERM | |
| Topical Term | Polemics-Christianity Vs islam |
| 942 ## - ADDED ENTRY ELEMENTS (KOHA) | |
| Koha item type | Books |
| 700 1# - | |
| -- | Bakhsh, J Ali |
| Collection code | Home library | Current library | Date acquired | Cost, normal purchase price | Full call number | Accession Number | Koha item type |
|---|---|---|---|---|---|---|---|
| Henry Martyn Institute Library | Henry Martyn Institute Library | 07/19/2007 | 100.00 | 297.2409 BAK | 010404 | Books |
